Lugares famosos del mundo! #2 - Estadísticas

Estadísticas generales
  • Esta prueba ha sido intentada 43 veces
  • La puntuación promedio es 11 de 15
Estadísticas de respuestas
Pista Lugar % Correcto
Antigua ciudad inca ubicada en las montañas de Perú, famosa por sus impresionantes ruinas y vistas panorámicas. Machu Picchu
97%
Impresionante basílica en Barcelona diseñada por Gaudí, famosa por su arquitectura única y aún en construcción después de más de 100 años. La Sagrada Familia
91%
Dos rascacielos icónicos en Nueva York, destruidos en los atentados del 11 de septiembre de 2001, que marcaron un hito en la historia mundial. Las Torres Gemelas
91%
Famoso reloj y torre en Londres, ubicado junto al Parlamento británico, símbolo icónico de la ciudad. Big Ben
89%
Famosa escultura en Nueva York, símbolo de libertad y democracia, ubicada en la isla de la Libertad. Estatua de la Libertad
86%
Impresionante estructura romana en España, conocida por su conservación y por ser uno de los acueductos más grandes y mejor conservados del mundo. El Acueducto de Segovia
80%
Famosa fuente en Roma, conocida por su impresionante arquitectura y la tradición de lanzar monedas para pedir un deseo. Fontana de Trevi
80%
Majestuoso palacio y fortaleza en Granada, España, famoso por su arquitectura islámica y hermosos jardines. La Alhambra
80%
Este monumento en París es famoso por su arquitectura neoclásica y su relación con la Revolución Francesa. El Arco del Triunfo
71%
Templo antiguo en Atenas, Grecia, dedicado a la diosa Atenea, famoso por su arquitectura clásica y su importancia histórica. El Partenón
71%
Plaza emblemática en el centro de Madrid, famosa por ser el kilómetro cero y por su icónica estatua del Oso y el Madroño. Puerta del Sol
69%
Famoso estadio de fútbol en Manchester, conocido como "El Teatro de los Sueños" y sede del Manchester United. Old Trafford
66%
Campo de concentración nazi en Polonia, conocido por su brutalidad durante el Holocausto, donde murieron millones de personas, principalmente judíos. Auschwitz
57%
Antiguo muro en Jerusalén, considerado uno de los lugares más sagrados para el judaísmo, donde los fieles rezan y dejan sus deseos en sus grietas. El Muro de las Lamentaciones
51%
Famosa calle en Londres, conocida por el icónico paso de peatones donde los Beatles posaron para la portada de su álbum más famoso. Abbey Road
49%
No se encontraron pruebas coincidentes
Distribución de puntuación
Porcentaje de gente con cada puntuación
Porcentaje por número respondido
Historial de tus puntuaciones
No has intentado esta prueba.